000
00215nam a2200097Ia 4500
008
240331s9999 xx 000 0 und d
082
_b
BHA
100
_a
Bhattacharya,R. ed
245
0
_a
Behind closed doors
942
_c
L
999
_c
4549
_d
4549